<?xml version="1.0" encoding="UTF-8"?>
<marc:record xmlns:marc="http://www.loc.gov/MARC21/slim">
   <marc:leader>00000nam a2200000 a 4500</marc:leader>
   <marc:datafield ind1="1" ind2=" " tag="100">
      <marc:subfield code="a">Greifeneder, Anke</marc:subfield>
      <marc:subfield code="4">aut</marc:subfield>
      <marc:subfield code="e">Verfasser/-in</marc:subfield>
   </marc:datafield>
   <marc:datafield ind1="0" ind2="0" tag="245">
      <marc:subfield code="a">Das bisschen Sünde</marc:subfield>
   </marc:datafield>
   <marc:datafield ind1="0" ind2="0" tag="245">
      <marc:subfield code="b">Roman</marc:subfield>
   </marc:datafield>
   <marc:datafield ind1="0" ind2="0" tag="245">
      <marc:subfield code="c">Anke Greifeneder</marc:subfield>
   </marc:datafield>
   <marc:datafield ind1=" " ind2="1" tag="264">
      <marc:subfield code="a">München</marc:subfield>
      <marc:subfield code="b">Blanvalet</marc:subfield>
      <marc:subfield code="c">2015</marc:subfield>
   </marc:datafield>
   <marc:datafield ind1="1" ind2=" " tag="490">
      <marc:subfield code="a">Blanvalet</marc:subfield>
      <marc:subfield code="v">38420</marc:subfield>
   </marc:datafield>
   <marc:datafield ind1="1" ind2=" " tag="520">
      <marc:subfield code="a">Angaben aus der Verlagsmeldung

Das bisschen Sünde : Roman / von Anke Greifeneder

Wer bei diesem Mann nicht sündigt, kann nur eine Heilige sein!

Annie ist heilfroh, kein Teenager mehr zu sein. Sie hat einen tollen Job, zwei niedliche Katzen und - ach ja, ihren Freund sie kürzlich verlassen. Welche selbstbewusste Frau ist heute noch auf einen Mann angewiesen? Doch dann steht aus heiterem Himmel Annies große Liebe aus Schulzeiten vor ihr. Max ist aufregend, unwiderstehlich ... und immer noch ein Riesenarsch. Und Annie verhält sich, ohne es zu wollen, wieder wie eine Sechzehnjährige. In diesem Gefühlswahnsinn hilft ihr nur ein radikaler Einschnitt: der Gang ins Kloster. Oder ist Max vielleicht doch die ein oder andere Sünde wert?

</marc:subfield>
   </marc:datafield>
   <marc:datafield ind1=" " ind2=" " tag="020">
      <marc:subfield code="a">9783442384204</marc:subfield>
      <marc:subfield code="9">9783442384204</marc:subfield>
   </marc:datafield>
   <marc:datafield ind1=" " ind2=" " tag="020">
      <marc:subfield code="a">3442384206</marc:subfield>
      <marc:subfield code="9">3442384206</marc:subfield>
   </marc:datafield>
   <marc:datafield ind1=" " ind2=" " tag="041">
      <marc:subfield code="a">ger</marc:subfield>
   </marc:datafield>
   <marc:datafield ind1=" " ind2=" " tag="300">
      <marc:subfield code="a">319 S.</marc:subfield>
   </marc:datafield>
</marc:record>
